<?xml version="1.0" encoding="UTF-8"?>
<record
    xmlns:xsi="http://www.w3.org/2001/XMLSchema-instance"
    xsi:schemaLocation="http://www.loc.gov/MARC21/slim http://www.loc.gov/standards/marcxml/schema/MARC21slim.xsd"
    xmlns="http://www.loc.gov/MARC21/slim">

  <leader>00857cam a22002171  4500</leader>
  <controlfield tag="001">ne 63000222 </controlfield>
  <controlfield tag="003">DLC</controlfield>
  <controlfield tag="005">20260227111740.0</controlfield>
  <controlfield tag="008">821103m19619999ua            000 0 ararc</controlfield>
  <datafield tag="010" ind1=" " ind2=" ">
    <subfield code="a">ne 63000222 </subfield>
  </datafield>
  <datafield tag="035" ind1=" " ind2=" ">
    <subfield code="a">(OCoLC)8919526</subfield>
  </datafield>
  <datafield tag="040" ind1=" " ind2=" ">
    <subfield code="a">Princeton Univ. Libr.</subfield>
    <subfield code="c">TU</subfield>
    <subfield code="d">TU</subfield>
    <subfield code="d">DLC</subfield>
  </datafield>
  <datafield tag="042" ind1=" " ind2=" ">
    <subfield code="a">premarc</subfield>
  </datafield>
  <datafield tag="050" ind1="0" ind2="0">
    <subfield code="a">KMC194</subfield>
    <subfield code="b">.S23 1961</subfield>
  </datafield>
  <datafield tag="100" ind1="1" ind2=" ">
    <subfield code="a">&#x1E62;addah, &#x2BB;Abd al-Mun&#x2BB;im Faraj.</subfield>
  </datafield>
  <datafield tag="245" ind1="1" ind2="0">
    <subfield code="a">Mu&#x1E25;&#x101;&#x1E0D;ar&#x101;t f&#x12B; al-q&#x101;n&#x16B;n al-madan&#x12B;,</subfield>
    <subfield code="b">al-mulk&#x12B;yah f&#x12B; qaw&#x101;n&#x12B;n al-bil&#x101;d al-&#x2BB;Arab&#x12B;yah,</subfield>
    <subfield code="c">al-q&#x101;h&#x101; &#x2BB;Abd al-Mun&#x2BB;im Faraj al-&#x1E62;addah &#x2BB;ala &#x1E6D;alabat qism al-dir&#x101;s&#x101;t al-q&#x101;n&#x16B;n&#x12B;yah.</subfield>
  </datafield>
  <datafield tag="260" ind1=" " ind2=" ">
    <subfield code="a">[al-Q&#x101;hirah]</subfield>
    <subfield code="b">J&#x101;mi&#x2BB;at al-Duwal al-&#x2BB;Arab&#x12B;yah, Ma&#x2BB;had al-Dir&#x101;s&#x101;t al-&#x2BB;Arab&#x12B;yah al-&#x2BB;&#x100;liyah,</subfield>
    <subfield code="c">[1961-]</subfield>
  </datafield>
  <datafield tag="300" ind1=" " ind2=" ">
    <subfield code="a">v.</subfield>
    <subfield code="c">24 cm.</subfield>
  </datafield>
  <datafield tag="505" ind1="0" ind2=" ">
    <subfield code="a">Ta&#x1E25;l&#x12B;l wa-mad&#x101; &#x1E25;aqq al-mulk&#x12B;yah-</subfield>
  </datafield>
  <datafield tag="650" ind1=" " ind2="0">
    <subfield code="a">Property</subfield>
    <subfield code="z">Arab countries.</subfield>
  </datafield>
  <datafield tag="999" ind1=" " ind2=" ">
    <subfield code="c">45517</subfield>
    <subfield code="d">45517</subfield>
  </datafield>
</record>
